[Event "Steinfurt Bezirksliga 1819"]
[Site "Germany"]
[Date "2018.11.24"]
[Round "4.2"]
[White "Beckmann, Klaus2222"]
[Black "Hokamp, Sascha"]
[Result "1-0"]
[WhiteElo "2064"]
[BlackElo "1862"]
[PlyCount "93"]
[EventDate "2018.09.01"]
[EventType "team-tourn"]
[EventRounds "10"]
[EventCountry "GER"]
[SourceTitle "EXT 2020"]
[Source "ChessBase"]
[SourceDate "2019.10.17"]
[SourceVersion "1"]
[SourceVersionDate "2019.10.17"]
[SourceQuality "1"]
[WhiteTeam "Neuenkirchen"]
[BlackTeam "Reckenfeld"]
[WhiteTeamCountry "GER"]
[BlackTeamCountry "GER"]

1. e4 c5 2. Nf3 g6 3. c3 Bg7 4. d4 b6 5. Bc4 Ba6 6. Bd5 Nc6 7. dxc5 Nf6 8. Bxc6 dxc6 9. Qxd8+ Rxd8 10. cxb6 Nxe4 11. bxa7 Nc5 12. Nd4 0-0 13. Be3 Nd3+ 14. Kd2 Bxd4 15. cxd4 e5 16. Kc3 exd4+ 17. Bxd4 Rd6 18. Nd2 c5 19. Be3 f5 20. g3 g5 21. Nc4 Bxc4 22. Kxc4 Rc8 23. Kc3 f4 24. gxf4 gxf4 25. Rhg1+ Kf7 26. Rgd1 fxe3 27. Rxd3 exf2 28. Rf3+ Rf6 29. Rxf6+ Kxf6 30. Rf1 Ra8 31. Rxf2+ Ke6 32. Kc4 Rxa7 33. b3 Kd6 34. Rf6+ Ke5 35. Rh6 Rxa2 36. Kxc5 Rc2+ 37. Kb5 Rc7 38. b4 Kd5 39. Kb6 Rf7 40. b5 Kc4 41. Rh4+ Kd5 42. Rh5+ Kd6 43. Rh6+ Kd5 44. Ka6 Kc5 45. Rh5+ Kd6 46. b6 Kc6 47. b7 1-0

[Event "Steinfurt Bezirksliga 1516"]
[Site "Germany"]
[Date "2016.02.20"]
[Round "6.1"]
[White "Hokamp, Sascha"]
[Black "Visschedijk, Theo"]
[Result "1-0"]
[WhiteElo "1867"]
[BlackElo "1867"]
[PlyCount "102"]
[EventDate "2015.09.19"]
[EventType "team-tourn"]
[EventRounds "9"]
[EventCountry "GER"]
[SourceTitle "EXT 2017"]
[Source "ChessBase"]
[SourceDate "2016.10.25"]
[SourceVersion "1"]
[SourceVersionDate "2016.10.25"]
[SourceQuality "1"]
[WhiteTeam "Reckenfeld"]
[BlackTeam "Emsdetten Rochade III"]
[WhiteTeamCountry "GER"]
[BlackTeamCountry "GER"]

1. d4 d5 2. Nf3 Nf6 3. g3 b6 4. c4 e6 5. Bg2 Bb7 6. 0-0 Nbd7 7. cxd5 exd5 8. Nc3 Be7 9. Bf4 0-0 10. Qb3 Re8 11. Nb5 Bd6 12. Bxd6 cxd6 13. Nxd6 Rxe2 14. Nxb7 Qc7 15. Qb5 Ree8 16. Rfe1 Qxb7 17. Ne5 a6 18. Qb3 Rad8 19. Nd3 Ne4 20. Nb4 Ndf6 21. Rac1 Nd2 22. Qa3 Rxe1+ 23. Rxe1 Nc4 24. Qb3 b5 25. Nd3 Re8 26. Rxe8+ Nxe8 27. Qb4 Nf6 28. b3 Nb6 29. Qd6 h6 30. Ne5 a5 31. Qd8+ Kh7 32. Nxf7 a4 33. Qh8+ Kg6 34. Ne5+ Kf5 35. Qd8 axb3 36. axb3 Qa7 37. Bh3+ Ke4 38. Bg2+ Kf5 39. Bh3+ Ke4 40. Bf1 Qb7 41. Qd6 Kxd4 42. Nc6+ Kc3 43. Qe5+ Kc2 44. Qe2+ Kc3 45. Qe5+ Kc2 46. Nd4+ Kc1 47. Qe3+ Kb2 48. Qd2+ Ka3 49. Nxb5+ Kxb3 50. Qc3+ Ka2 51. Qa3+ Kb1 1-0

[Event "Steinfurt Bezirksliga 1516"]
[Site "Germany"]
[Date "2015.11.07"]
[Round "2.1"]
[White "Hokamp, Sascha"]
[Black "Horstmann, Michael"]
[Result "1-0"]
[WhiteElo "1867"]
[BlackElo "1680"]
[PlyCount "35"]
[EventDate "2015.09.19"]
[EventType "team-tourn"]
[EventRounds "9"]
[EventCountry "GER"]
[SourceTitle "EXT 2017"]
[Source "ChessBase"]
[SourceDate "2016.10.25"]
[SourceVersion "1"]
[SourceVersionDate "2016.10.25"]
[SourceQuality "1"]
[WhiteTeam "Reckenfeld"]
[BlackTeam "Emsdetten Rochade IV"]
[WhiteTeamCountry "GER"]
[BlackTeamCountry "GER"]

1. d4 Nf6 2. Bg5 Ne4 3. Bf4 d5 4. Qd3 c6 5. f3 Nf6 6. e4 e6 7. Nc3 b6 8. Nge2 Ba6 9. Qe3 Nh5 10. Bg5 Be7 11. Bxe7 Qxe7 12. 0-0-0 Nf6 13. Qg5 Qf8 14. Nf4 Bxf1 15. Rhxf1 Na6 16. exd5 h6 17. Qe5 Nd7 18. Qe2 1-0

[Event "Steinfurt Bezirksliga 1415"]
[Site "Germany"]
[Date "2014.11.29"]
[Round "4.3"]
[White "Krueler, Andreas"]
[Black "Hokamp, Sascha"]
[Result "0-1"]
[WhiteElo "1479"]
[BlackElo "1862"]
[PlyCount "68"]
[EventDate "2014.09.06"]
[EventType "team-tourn"]
[EventRounds "9"]
[EventCountry "GER"]
[SourceTitle "EXT 2016"]
[Source "ChessBase"]
[SourceDate "2015.10.08"]
[SourceVersion "1"]
[SourceVersionDate "2015.10.08"]
[SourceQuality "1"]
[WhiteTeam "Steinfurt III"]
[BlackTeam "Reckenfeld"]
[WhiteTeamCountry "GER"]
[BlackTeamCountry "GER"]

1. e4 c5 2. Nf3 g6 3. h3 Bg7 4. c3 Qa5 5. Na3 Nc6 6. Bb5 Ne5 7. Nxe5 Bxe5 8. 0-0 a6 9. Be2 Qc7 10. d4 Bg7 11. Be3 Nf6 12. e5 Nd5 13. Bf3 Nxe3 14. fxe3 0-0 15. Qb3 Rb8 16. Bd5 e6 17. Bf3 b5 18. Qd1 f5 19. exf6 Rxf6 20. Be4 Rxf1+ 21. Qxf1 b4 22. Nb1 bxc3 23. bxc3 Rb2 24. Qc1 Rb6 25. Nd2 d5 26. Bf3 Rc6 27. Nb3 cxd4 28. Nxd4 Rxc3 29. Qd2 Qc5 30. Re1 Rxe3 31. Rxe3 Bxd4 32. Kf2 Bxe3+ 33. Qxe3 Qxe3+ 34. Kxe3 Kf7 0-1

[Event "Steinfurt Bezirksliga 1314"]
[Site "Germany"]
[Date "2013.12.14"]
[Round "4.3"]
[White "Hokamp, Sascha"]
[Black "Hartmann, Viktor"]
[Result "1/2-1/2"]
[WhiteElo "1895"]
[BlackElo "1710"]
[PlyCount "136"]
[EventDate "2013.09.14"]
[EventType "team-tourn"]
[EventRounds "9"]
[EventCountry "GER"]
[SourceTitle "EXT 2015"]
[Source "ChessBase"]
[SourceDate "2014.11.20"]
[SourceVersion "1"]
[SourceVersionDate "2014.11.20"]
[SourceQuality "1"]
[WhiteTeam "Reckenfeld"]
[BlackTeam "Ibbenbueren II"]
[WhiteTeamCountry "GER"]
[BlackTeamCountry "GER"]

1. d4 d5 2. Nf3 Nf6 3. Bf4 Bf5 4. e3 h6 5. Bd3 Bxd3 6. Qxd3 c6 7. Nc3 e6 8. 0-0 Be7 9. h3 0-0 10. e4 dxe4 11. Nxe4 Nbd7 12. Rfd1 Qb6 13. a4 a5 14. Ned2 Qd8 15. Nc4 b5 16. Nce5 Nxe5 17. Nxe5 Qd5 18. c4 bxc4 19. Nxc4 Qf5 20. Bc7 Qxd3 21. Rxd3 Bb4 22. Rc1 Nd5 23. Bg3 f6 24. Nd2 Ra6 25. Ne4 Re8 26. Nc5 Bxc5 27. Rxc5 Rd8 28. Rb3 Nb4 29. Bc7 Rxd4 30. Rxa5 Rxa5 31. Bxa5 Nd5 32. Rb8+ Kh7 33. b3 Rd1+ 34. Kh2 Ra1 35. Re8 Ra3 36. Rxe6 Rxb3 37. Rxc6 Rb2 38. Rd6 Ne7 39. Bd2 Nc8 40. Rd8 Nb6 41. Bc3 Ra2 42. a5 Nc4 43. Rc8 Nxa5 44. Ra8 Rxf2 45. Rxa5 Rc2 46. Bd4 Kg6 47. Ra7 h5 48. Kg3 Rd2 49. Bc5 Rd8 50. Rc7 Re8 51. Kf4 Ra8 52. Ba7 Re8 53. g3 Ra8 54. h4 Re8 55. Kf3 Ra8 56. g4 hxg4+ 57. Kxg4 Rh8 58. Be3 Re8 59. h5+ Kh7 60. Bf4 Kh8 61. Kf5 Kh7 62. Rb7 Ra8 63. Kg4 Kh8 64. Rb8+ Rxb8 65. Bxb8 Kh7 66. Kf5 Kh6 67. Kg4 f5+ 68. Kh4 g5+ 1/2-1/2

[Event "Rhein Main op-A 14th"]
[Site "Bad Homburg"]
[Date "2011.06.25"]
[Round "5"]
[White "Hokamp, Sascha"]
[Black "Schmitt, Roland"]
[Result "1-0"]
[WhiteElo "2091"]
[BlackElo "1907"]
[PlyCount "59"]
[EventDate "2011.06.22"]
[EventType "swiss"]
[EventRounds "7"]
[EventCountry "GER"]
[SourceTitle "EXT 2012"]
[Source "ChessBase"]
[SourceDate "2011.11.24"]
[SourceVersion "1"]
[SourceVersionDate "2011.11.24"]
[SourceQuality "1"]

1. d4 Nf6 2. Nf3 g6 3. Nc3 d5 4. Bf4 Bg7 5. Nb5 Na6 6. e3 c6 7. Nc3 0-0 8. Be2 c5 9. Ne5 Qb6 10. a3 Be6 11. 0-0 Rac8 12. Nb5 Nh5 13. Bxh5 Qxb5 14. Be2 Qb6 15. Qd2 cxd4 16. exd4 Nb8 17. c3 Nc6 18. Nd3 Na5 19. Rad1 Nc4 20. Qc1 Qb3 21. Nc5 Qa2 22. Bxc4 Qxc4 23. Qe3 Rc6 24. a4 Rxc5 25. dxc5 Rc8 26. c6 Rxc6 27. Be5 Ra6 28. Rd4 Qa2 29. Rb4 Rxa4 30. Rxb7 1-0

[Event "Muensterland-ch"]
[Site "Steinfurt"]
[Date "2011.04.25"]
[Round "7.4"]
[White "Beckmann, David"]
[Black "Hokamp, Sascha"]
[Result "0-1"]
[WhiteElo "2035"]
[BlackElo "2075"]
[PlyCount "94"]
[EventDate "2011.04.22"]
[EventType "swiss"]
[EventRounds "7"]
[EventCountry "GER"]
[SourceTitle "EXT 2014"]
[Source "ChessBase"]
[SourceDate "2013.11.20"]
[SourceVersion "1"]
[SourceVersionDate "2013.11.20"]
[SourceQuality "1"]

1. d4 Nf6 2. c4 d6 3. Nf3 Nbd7 4. Nc3 c6 5. e4 e5 6. dxe5 dxe5 7. Bg5 Qc7 8. Bxf6 Nxf6 9. Qb3 Be7 10. Be2 0-0 11. 0-0 h6 12. Rfd1 Be6 13. Qc2 Rfd8 14. a3 g6 15. b4 Rxd1+ 16. Rxd1 Kg7 17. Nd2 b6 18. Qb2 a6 19. a4 a5 20. b5 Bc5 21. bxc6 Qxc6 22. Nd5 Bd4 23. Qb5 Bd7 24. Nf3 Qxb5 25. cxb5 Nxd5 26. exd5 Bc3 27. Rc1 Rc8 28. Kf1 f5 29. Bd1 Kf6 30. Bb3 Ke7 31. Ng1 Bb4 32. Rxc8 Bxc8 33. Ke2 Kd6 34. Nf3 g5 35. h4 g4 36. Nh2 h5 37. Nf1 f4 38. g3 Bf5 39. f3 Bc3 40. fxg4 hxg4 41. h5 Ke7 42. Bc4 Kf6 43. gxf4 exf4 44. Bd3 Bb4 45. h6 Bxd3+ 46. Kxd3 Kg6 47. Ke4 g3 0-1

[Event "Muensterland-ch"]
[Site "Steinfurt"]
[Date "2011.04.24"]
[Round "4.3"]
[White "Hokamp, Sascha"]
[Black "Funke, Reinhard"]
[Result "1-0"]
[WhiteElo "2075"]
[BlackElo "2178"]
[PlyCount "53"]
[EventDate "2011.04.22"]
[EventType "swiss"]
[EventRounds "7"]
[EventCountry "GER"]
[SourceTitle "EXT 2014"]
[Source "ChessBase"]
[SourceDate "2013.11.20"]
[SourceVersion "1"]
[SourceVersionDate "2013.11.20"]
[SourceQuality "1"]

1. Nf3 d5 2. d4 Nf6 3. Bf4 c6 4. Nc3 Bg4 5. Ne5 Bh5 6. f3 e6 7. h4 Bg6 8. g4 h5 9. Nxg6 fxg6 10. g5 Nh7 11. Qd3 Kf7 12. 0-0-0 Bd6 13. Bd2 Re8 14. e4 Nf8 15. Ne2 Nbd7 16. e5 Bc7 17. c3 a5 18. Qc2 c5 19. Nf4 c4 20. Bh3 b5 21. a3 Nb6 22. Rdf1 Qd7 23. Rhg1 Qc6 24. Bg4 hxg4 25. fxg4 Ke7 26. Nxg6+ Kd7 27. Rf7+ 1-0

[Event "Muensterland-ch"]
[Site "Steinfurt"]
[Date "2011.04.22"]
[Round "2.4"]
[White "Haselhorst, Helmut"]
[Black "Hokamp, Sascha"]
[Result "0-1"]
[WhiteElo "2119"]
[BlackElo "2075"]
[PlyCount "116"]
[EventDate "2011.04.22"]
[EventType "swiss"]
[EventRounds "7"]
[EventCountry "GER"]
[SourceTitle "EXT 2014"]
[Source "ChessBase"]
[SourceDate "2013.11.20"]
[SourceVersion "1"]
[SourceVersionDate "2013.11.20"]
[SourceQuality "1"]

1. d4 Nf6 2. Nf3 g6 3. c4 d6 4. h3 Nbd7 5. Bf4 Bg7 6. Nc3 0-0 7. e3 Re8 8. Be2 Nf8 9. 0-0 Bf5 10. Qb3 Qc8 11. Rac1 h6 12. c5 dxc5 13. dxc5 g5 14. Bh2 c6 15. Ne5 Be6 16. Qc2 N6d7 17. Nd3 Bf5 18. b4 a5 19. a3 axb4 20. axb4 Ra3 21. Nb1 Ra7 22. Nd2 Qa8 23. Nc4 Ra2 24. Qd1 Ne6 25. Bg4 Bxg4 26. Qxg4 Nf6 27. Qf5 Rd8 28. Nde5 Nf8 29. h4 gxh4 30. Nb6 Qa3 31. Qf4 Qb3 32. Qxh4 Rb2 33. Bf4 Kh7 34. Nbc4 Ng6 35. Nxg6 fxg6 36. Nxb2 Qxb2 37. Rb1 Qc2 38. Be5 Qf5 39. Qf4 Qh5 40. Bd4 Rd5 41. Qh2 Qg4 42. f3 Qe6 43. Qh3 Qf7 44. Rfd1 Rh5 45. Qg3 Rg5 46. Qb8 Nd5 47. Bxg7 Kxg7 48. f4 Rh5 49. Re1 Qf6 50. Kf2 Nc3 51. Rbc1 Ne4+ 52. Kf3 Nd2+ 53. Kf2 Ne4+ 54. Ke2 Qb2+ 55. Kf3 Rd5 56. Rg1 Nd2+ 57. Kg4 Ne4 58. Qxb7 Qe2+ 0-1

[Event "Steinfurt Bezirksliga 1011"]
[Site "Germany"]
[Date "2010.12.04"]
[Round "3.1"]
[White "Raus, Michael"]
[Black "Hokamp, Sascha"]
[Result "0-1"]
[WhiteElo "1773"]
[BlackElo "2039"]
[PlyCount "76"]
[EventDate "2010.10.02"]
[EventType "team-tourn"]
[EventRounds "9"]
[EventCountry "GER"]
[SourceTitle "EXT 2012"]
[Source "ChessBase"]
[SourceDate "2011.11.24"]
[SourceVersion "1"]
[SourceVersionDate "2011.11.24"]
[SourceQuality "1"]
[WhiteTeam "Steinfurt II"]
[BlackTeam "Reckenfeld"]
[WhiteTeamCountry "GER"]
[BlackTeamCountry "GER"]

1. e4 c5 2. Nc3 Nc6 3. d3 Nf6 4. f4 d6 5. Nf3 e5 6. Be2 Be7 7. 0-0 0-0 8. Qe1 exf4 9. Bxf4 b5 10. Kh1 a6 11. Qf2 Ra7 12. Rae1 Be6 13. a3 Rc7 14. e5 Ng4 15. Qg1 Ngxe5 16. Nxe5 dxe5 17. Be3 Nd4 18. Bd1 f6 19. Ne4 Bf7 20. c3 Ne6 21. Bc2 Qc8 22. Qf2 Bg6 23. Ng3 c4 24. Nf5 Bxf5 25. Qxf5 g6 26. Qf2 Rf7 27. d4 Bd6 28. Rd1 Qf8 29. Rfe1 a5 30. dxe5 fxe5 31. Qh4 Bc5 32. Bxc5 Rxc5 33. Kg1 Kg7 34. Rf1 Nf4 35. Qg4 h5 36. Qf3 Rcc7 37. Qe4 Rf6 38. Qxe5 Re7 0-1

[Event "GER-chT Universities"]
[Site "Augsburg"]
[Date "2010.10.08"]
[Round "4.3"]
[White "Hokamp, Sascha"]
[Black "Zimmermann, Rene"]
[Result "1/2-1/2"]
[WhiteElo "2017"]
[BlackElo "2079"]
[PlyCount "145"]
[EventDate "2010.10.06"]
[EventType "team-swiss"]
[EventRounds "6"]
[EventCountry "GER"]
[SourceTitle "EXT 2016"]
[Source "ChessBase"]
[SourceDate "2015.10.08"]
[SourceVersion "1"]
[SourceVersionDate "2015.10.08"]
[SourceQuality "1"]
[WhiteTeam "Muenster Uni"]
[BlackTeam "Dresden TU II"]
[WhiteTeamCountry "GER"]
[BlackTeamCountry "GER"]

1. d4 d5 2. Nf3 e6 3. e3 f5 4. Ne5 Nf6 5. b3 c6 6. a4 Nbd7 7. Ba3 Bxa3 8. Rxa3 0-0 9. Be2 Qc7 10. Nxd7 Bxd7 11. f4 Ne4 12. 0-0 b5 13. Bd3 b4 14. Ra2 Nd6 15. Qe1 a5 16. Rf3 Bc8 17. Rh3 Ba6 18. Nd2 c5 19. Bxa6 Rxa6 20. dxc5 Qxc5 21. Nf3 Ne4 22. Nd4 Qe7 23. Ra1 e5 24. fxe5 Qxe5 25. Qf1 Rg6 26. Qf4 Qxf4 27. exf4 Rd6 28. Re1 h6 29. Rd3 g6 30. Re2 Kf7 31. Nb5 Rd7 32. Kf1 Rfd8 33. Nd4 Kf6 34. Rh3 Rh7 35. Rd3 Rc8 36. Nb5 Rc5 37. Rh3 Rd7 38. Nd4 h5 39. Rd3 Rc8 40. Ke1 Rg8 41. Rh3 Rb8 42. Rd3 Rb6 43. Rf3 Kg7 44. Rd3 Kf7 45. Kf1 Rb8 46. Rde3 Ke7 47. Rg3 Kf6 48. Rf3 Rg8 49. Ke1 g5 50. fxg5+ Rxg5 51. h4 Rg4 52. Nxf5 Ke5 53. Kf1 Rc7 54. Ne3 Rxh4 55. g3 Rh1+ 56. Kg2 Rc1 57. Rf5+ Ke6 58. Rxh5 d4 59. Nf1 R1xc2 60. Rxc2 Rxc2+ 61. Kf3 Nc5 62. Rh6+ Kf7 63. Rh4 Nxb3 64. Ke4 Rf2 65. Rf4+ Rxf4+ 66. gxf4 Kf6 67. Ng3 Nc5+ 68. Kxd4 Nxa4 69. Kc4 Nc5 70. Kxc5 b3 71. Kc4 b2 72. Ne4+ Kf5 73. Nc3 1/2-1/2

[Event "GER-chT Universities"]
[Site "Augsburg"]
[Date "2010.10.08"]
[Round "5.3"]
[White "Yin, Stanley"]
[Black "Hokamp, Sascha"]
[Result "1-0"]
[WhiteElo "1899"]
[BlackElo "2017"]
[PlyCount "87"]
[EventDate "2010.10.06"]
[EventType "team-swiss"]
[EventRounds "6"]
[EventCountry "GER"]
[SourceTitle "EXT 2016"]
[Source "ChessBase"]
[SourceDate "2015.10.08"]
[SourceVersion "1"]
[SourceVersionDate "2015.10.08"]
[SourceQuality "1"]
[WhiteTeam "Augsburg Uni III"]
[BlackTeam "Muenster Uni"]
[WhiteTeamCountry "GER"]
[BlackTeamCountry "GER"]

1. g3 Nf6 2. c4 c6 3. Nf3 d6 4. d4 Nbd7 5. Bg2 e5 6. dxe5 dxe5 7. 0-0 Bc5 8. a3 a5 9. Nc3 0-0 10. Rb1 Re8 11. b4 axb4 12. axb4 Bf8 13. b5 Qc7 14. Nd2 Nc5 15. bxc6 bxc6 16. Nb5 Qd7 17. Ba3 Rb8 18. Bxc5 cxb5 19. Bxf8 Kxf8 20. cxb5 Rxb5 21. Rxb5 Qxb5 22. Ne4 Nxe4 23. Bxe4 g6 24. Qd6+ Re7 25. Bc6 Qb6 26. Qf6 Re6 27. Qh8+ Ke7 28. Bd5 Bd7 29. Bxe6 Qxe6 30. Qxh7 Bb5 31. Qh4+ Ke8 32. Rd1 Bd7 33. Rb1 f6 34. Rb8+ Ke7 35. Qb4+ Qd6 36. Qxd6+ Kxd6 37. Rg8 Bf5 38. g4 Bxg4 39. Rxg6 Bxe2 40. Rxf6+ Ke7 41. Rg6 Bd3 42. Rg3 Bf5 43. h4 Kf6 44. h5 1-0

[Event "GER-chT Universities"]
[Site "Augsburg"]
[Date "2010.10.06"]
[Round "1.3"]
[White "Monninger, Moritz Franz"]
[Black "Hokamp, Sascha"]
[Result "1-0"]
[WhiteElo "2036"]
[BlackElo "2017"]
[PlyCount "55"]
[EventDate "2010.10.06"]
[EventType "team-swiss"]
[EventRounds "6"]
[EventCountry "GER"]
[SourceTitle "EXT 2016"]
[Source "ChessBase"]
[SourceDate "2015.10.08"]
[SourceVersion "1"]
[SourceVersionDate "2015.10.08"]
[SourceQuality "1"]
[WhiteTeam "Muenchen LMU"]
[BlackTeam "Muenster Uni"]
[WhiteTeamCountry "GER"]
[BlackTeamCountry "GER"]

1. d4 Nf6 2. Bg5 c6 3. Bxf6 exf6 4. g3 Qb6 5. b3 d5 6. e3 Bf5 7. Bd3 Be6 8. Ne2 g5 9. Nd2 Na6 10. a3 Bd6 11. c4 c5 12. b4 dxc4 13. bxc5 Nxc5 14. dxc5 Qc6 15. Be4 Qxc5 16. 0-0 Rb8 17. Bxb7 Be5 18. Rb1 Qxa3 19. Nd4 Bxd4 20. exd4 0-0 21. Qf3 Qxf3 22. Bxf3 Rbd8 23. d5 Bxd5 24. Bxd5 Rxd5 25. Nxc4 a5 26. Ra1 Rc5 27. Nxa5 Rb8 28. Rfc1 1-0

[Event "Steinfurt Bezirksliga 0910"]
[Site "Germany"]
[Date "2009.11.14"]
[Round "3.1"]
[White "Guennigmann, Stefan"]
[Black "Hokamp, Sascha"]
[Result "1-0"]
[WhiteElo "1764"]
[BlackElo "1985"]
[PlyCount "45"]
[EventDate "2009.09.12"]
[EventType "team-tourn"]
[EventRounds "9"]
[EventCountry "GER"]
[SourceTitle "EXT 2011"]
[Source "ChessBase"]
[SourceDate "2010.11.26"]
[SourceVersion "1"]
[SourceVersionDate "2010.11.26"]
[SourceQuality "1"]
[WhiteTeam "Saerbeck II"]
[BlackTeam "Reckenfeld"]
[WhiteTeamCountry "GER"]
[BlackTeamCountry "GER"]

1. d4 Nf6 2. c4 c6 3. Nf3 d5 4. cxd5 cxd5 5. Nc3 e6 6. Bg5 Be7 7. e3 0-0 8. Bd3 h6 9. Bh4 b6 10. Rc1 Bb7 11. 0-0 a6 12. Ne5 Nbd7 13. f4 Nxe5 14. fxe5 Ne4 15. Bxe7 Nxc3 16. Bxd8 Nxd1 17. Rfxd1 Raxd8 18. Rc7 Rb8 19. Rdc1 Rfc8 20. Kf2 Kf8 21. Rxb7 Rxc1 22. Rxb8+ Ke7 23. Rxb6 1-0

[Event "Muensterland op 27th"]
[Site "Senden"]
[Date "2009.10.12"]
[Round "4"]
[White "Lehmann, Holger"]
[Black "Hokamp, Sascha"]
[Result "1/2-1/2"]
[WhiteElo "2220"]
[BlackElo "2101"]
[PlyCount "39"]
[EventDate "2009.10.10"]
[EventType "swiss"]
[EventRounds "9"]
[EventCountry "GER"]
[SourceTitle "CBM 132 Extra"]
[Source "ChessBase"]
[SourceDate "2009.11.03"]
[SourceVersion "1"]
[SourceVersionDate "2009.11.03"]
[SourceQuality "1"]

1. e4 e6 2. d4 d5 3. Nc3 Nf6 4. e5 Nfd7 5. f4 c5 6. Nf3 Nc6 7. Ne2 Qb6 8. c3 cxd4 9. Nexd4 Nxd4 10. Nxd4 Bc5 11. b4 Bxd4 12. Qxd4 Qxd4 13. cxd4 Nb6 14. b5 Bd7 15. Ba3 Rc8 16. Bc5 Na4 17. Bb4 f5 18. Be2 Rc2 19. a3 Nb2 20. h4 1/2-1/2

[Event "Muensterland op 27th"]
[Site "Senden"]
[Date "2009.10.11"]
[Round "3"]
[White "Hokamp, Sascha"]
[Black "Jacobsen, Henrik"]
[Result "1/2-1/2"]
[WhiteElo "2101"]
[BlackElo "1968"]
[PlyCount "52"]
[EventDate "2009.10.10"]
[EventType "swiss"]
[EventRounds "9"]
[EventCountry "GER"]
[SourceTitle "CBM 132 Extra"]
[Source "ChessBase"]
[SourceDate "2009.11.03"]
[SourceVersion "1"]
[SourceVersionDate "2009.11.03"]
[SourceQuality "1"]

1. d4 Nf6 2. Nf3 g6 3. Bg5 Bg7 4. Nc3 c5 5. Bxf6 Bxf6 6. Ne4 Qb6 7. Nxf6+ Qxf6 8. e4 cxd4 9. Qxd4 Qxd4 10. Nxd4 a6 11. Be2 d6 12. f4 Bd7 13. 0-0 Nc6 14. c3 0-0 15. f5 Rac8 16. Rf2 Nxd4 17. cxd4 e5 18. Rd1 Rc7 19. b3 Rfc8 20. Bc4 b5 21. Bd5 Rc1 22. Rdf1 Rxf1+ 23. Rxf1 gxf5 24. dxe5 dxe5 25. exf5 Rc2 26. Be4 Rd2 1/2-1/2

[Event "Steinfurt Bezirksliga 0809"]
[Site "Germany"]
[Date "2009.04.04"]
[Round "8.1"]
[White "Baltes, Manfred"]
[Black "Hokamp, Sascha"]
[Result "0-1"]
[WhiteElo "1525"]
[BlackElo "1945"]
[PlyCount "104"]
[EventDate "2008.09.27"]
[EventType "team-tourn"]
[EventRounds "9"]
[EventCountry "GER"]
[SourceTitle "EXT 2010"]
[Source "ChessBase"]
[SourceDate "2010.11.25"]
[SourceVersion "1"]
[SourceVersionDate "2010.11.25"]
[SourceQuality "1"]
[WhiteTeam "Steinfurt III"]
[BlackTeam "Reckenfeld"]
[WhiteTeamCountry "GER"]
[BlackTeamCountry "GER"]

1. e4 c5 2. Nf3 g6 3. d4 Bg7 4. d5 d6 5. Bb5+ Bd7 6. Bxd7+ Nxd7 7. 0-0 b5 8. c4 bxc4 9. Qa4 Ngf6 10. Qxc4 0-0 11. Nc3 Rb8 12. Rb1 Rb4 13. Qe2 Qb8 14. a3 Rb3 15. Nd2 Rb7 16. Nc4 Qc7 17. Re1 Rfb8 18. h3 Nh5 19. Qc2 Ne5 20. Nxe5 Bxe5 21. Bd2 Rb3 22. Nd1 R3b7 23. Bc3 Bxc3 24. Nxc3 Rb3 25. Re3 Qb7 26. Nd1 Rb5 27. Rc3 a5 28. g3 Nf6 29. Re3 e6 30. dxe6 fxe6 31. f3 d5 32. exd5 exd5 33. Qe2 Kf7 34. g4 d4 35. Qc4+ Qd5 36. Qxd5+ Nxd5 37. Re5 Nf4 38. h4 Kf6 39. Re4 Nd3 40. Re2 Rb3 41. Ra1 R8b6 42. Nf2 Nxf2 43. Kxf2 Rxb2 44. Rc1 Rxe2+ 45. Kxe2 Rc6 46. Kd3 Ke5 47. h5 Kd5 48. hxg6 hxg6 49. Rc4 Re6 50. Ra4 c4+ 51. Kd2 Ra6 52. f4 Kc5 0-1